Cela: masculino singular; biografía intima de C. J. C

Salvato in:
Dettagli Bibliografici
Autore principale: García Marquina, Francisco (Autore)
Natura: Libro
Lingua:spagnolo
Pubblicazione: Barcelona Plaza and Janes 1991
Soggetti:
Tags: Aggiungi Tag
Nessun Tag, puoi essere il primo ad aggiungerne!!

MARC

LEADER 00000nam a2200000 a 4500
001 UCX4001
003 CL-VaPUC
008 920310e19910000SP |||||||||||||||||spa|d
082 0 4 |a 928  |b GAR  |2 21 
100 0 |a García Marquina, Francisco  |e author  |9 320181 
245 1 0 |a Cela: masculino singular; biografía intima de C. J. C 
300 |a 270 p 
942 |c BK 
945 |d 19920310 00:00:00 
260 |a Barcelona  |b Plaza and Janes  |c 1991 
600 0 7 |a CELA, CAMILO JOSE  |2 CL-VaPUC  |9 320105 
650 0 |a Biografías  |9 255210 
583 |a last modification  |c 19920310 00:00:00  |k Rodrigo Vera 
999 |c 224600  |d 224598 
952 |0 0  |1 0  |4 0  |6 928_000000000000000_GAR_1991  |7 0  |8 A  |9 221342  |a BIBEDU  |b BIBEDU  |d 2019-11-15  |i 2901277  |o 928 GAR 1991  |p 2901277  |r 2019-11-15  |w 2019-11-15  |y BK  |k LIT